Миры Роберта Шекли: в 8 кн.; пер. с англ.

Dades bibliogràfiques
Autor principal: Шекли Р. Роберт
Idioma:rus
Publicat: Рига, Полярис, 1994-
Format: MixedMaterials Llibre
KOHA link:https://koha.lib.tpu.ru/cgi-bin/koha/opac-detail.pl?biblionumber=344288

MARC

LEADER 00000nam1a2200000 4500
001 344288
005 20231101034411.0
035 |a (RuTPU)RU\TPU\book\375622 
090 |a 344288 
100 |a 20200123d1994 m y0rusy50 ca 
101 1 |a rus  |c eng 
102 |a LY 
200 1 |a Миры Роберта Шекли  |e в 8 кн.  |e пер. с англ.  |f Р. Шекли 
210 |a Рига  |c Полярис  |d 1994-  
700 1 |a Шекли  |b Р.  |g Роберт 
801 1 |a RU  |b 63413507  |c 20200123 
801 2 |a RU  |b 63413507  |c 20200123  |g RCR 
942 |c BK